Statistics for Which Country Is Real #3

Click here to take the quiz!

General Stats

  • This quiz has been taken 53 times
  • The average score is 9 of 10

Answer Stats

QuestionAnswer% Correct
Which Country is Real?Saint Lucia
100%
Which Country Is Real?Sierra Leone
100%
Which Country Is Real?Uruguay
100%
Which Country Is Real?Maldives
98%
Which Country Is Real?Sri Lanka
98%
Which Country Is real?Turkmenistan
98%
Which Country Is Real?Guinea-Bissau
96%
Which Country Is Real?United Arab Emirates
94%
Which Country Is real?Federated States Of Micronesia
86%
Which Country Is Real- Hard Question!São Tomé And Principe
53%

Score Distribution

Percentile by Number Answered

Percent of People with Each Score

Your Score History

You have not taken this quiz